00540nam a2200181 a 45000010010000000030011000100080041000210350026000620820016000881000023001042450033001272600039001606500022001999420012002219520090002339980020003239990015003430000-9269ELIB.Books110520 1990  a(ELIB.Books)0000-9421 a220.6 bPow aPowell, Mark Allan aWhat is Narrative Criticism? bMinneapolis: Fortress Press c1990 aBible - Criticism 2ddccBK 00102ddc4070aKBTSbKBTSd2011-05-20l0p7315r2022-01-22 00:00:00w2022-01-22yBK cbate2011-05-20 c9269d9269